Name the music from the movie "Kpop Demon Hunters" - Statistiques

Statistiques générales
  • Ce quiz a été pris 262 fois
  • Le résultat moyen est 6 sur 7
Statistiques - réponses
Chanteur / euse Musique % Correct
HUNTR/X Golden
97%
Saja Boys Soda Pop
97%
Rumi and Juni Free
89%
Saja Boys Your idol
84%
HUNTR/X Takedown
79%
HUNTR/X How it's done
77%
HUNTR/X What it sounds like
48%
Aucun quiz correspondant
Distribution des résultats
% des personnes avec chaque résultat
Percentile par nombre de réponses
Votre historique - résultats
Vous n’avez pas pris ce quiz